00967nam a2200229 i 450000100060000000300090000600500170001500700030003200800410003510000480007624502110012425000120033526000520034730000280039965000300042770000400045770000400049770000410053785200210057899900170059995201210061661645ES-MaACL20251109132608.0t|031113s1929 sp ||||1| spa d1 aFarabeuf, Louis Hubert, d1841-1910915465910aIntroducción al estudio clínico y a la práctica de los partos / cpor L.H. Farabeuf y Enrique Varmier ; prefacio de A. Pinard ; traducción de la 4º edición francesa de Manuel Portaceli y Ortells. a3ª ed. aBarcelona : b[s.n.], c1929 (fImp. Clarasó) aVIII, 480 p. ; c27 cm. 7aObstetricia2embne9156761 aPortaceli y Ortells, Manuel.9931851 aVarnier, Henri, d1859-190291546601 aPinard, Adolphe, d1844-19349154655 aES-MaACLjE-1284 c61645d61645 00104070aATENEOMbATENEOMcDEPO2d2008-01-17eSCl0oE-1284p1064637r2023-02-23 00:00:00w2023-02-23yMONOGRAFIA